Statistics for Providenciales Int. Destinations (Providenciales, Turks & Caicos)

Click here to take the quiz!

General Stats

  • This quiz has been taken 15 times
  • The average score is 22 of 28

Answer Stats

AirlineDestinatino% Correct
Delta Air LinesAtlanta
100%
Southwest AirlinesBaltimore
100%
American Airlines/JetBlueBoston
100%
American AirlinesCharlotte
100%
American AirlinesDallas/Fort Worth
100%
British Airways/Virgin AtlanticLondon (Heathrow)
100%
American AirlinesMiami
100%
Air CanadaMontreal (Trudeau)
100%
Bahamasair/British Airways/InterCaribbean AirwaysNassau
100%
JetBlue/United AirlinesNewark
100%
American Airlines/Delta Air Lines/JetBlueNew York (JFK)
100%
American AirlinesPhiladelphia
100%
Air Canada/WestJetToronto (Pearson)
100%
American Airlines/United AirlinesChicago (O'Hare)
90%
InterCaribbean AirwaysHavana
90%
United AirlinesHouston (Intercontinental)
90%
United AirlinesWashington (Dulles)
90%
Sun Country AirlinesMinneapolis/St. Paul
80%
Caicos Express Airways/InterCaribbean AirwaysSanto Domingo (Las Americas)
80%
Southwest AirlinesFort Lauderdale
70%
Caicos Express Airways/InterCaribbean AirwaysKingston (Norman Manley)
70%
Caicos Express Airways/InterCaribbean AirwaysPort-au-Prince
50%
Caicos Express Airways/InterCaribbean AirwaysGrand Turk
40%
InterCaribbean AirwaysPuerto Plata
30%
Caicos Express Airways/InterCaribbean AirwaysCap-Haitien
20%
Caicos Express Airways/InterCaribbean AirwaysSantiago de los Caballeros
20%
Caicos Express Airways/InterCaribbean AirwaysSouth Caicos
20%
InterCaribbean AirwaysOcho Rios
10%

Score Distribution

Percentile by Number Answered

Percent of People with Each Score

Your Score History

You have not taken this quiz